00751nam a2200169Ia 4500001001000000003000500010008004100015010001100056040000900067100004200076245014000118260003500258300001000293502010900303650011600412710005300528Para_2868CHAP220125s1986 xx 000 0 und d a201401 cCHAP aSánchez Damián, José Benjamín aFluctuación de poblaciones de insectos del algodonero correlacionada con la temperatura /c por José Benjamín Sánchez Damián aChapingo, Méx. :b El autor a78 h. aTesis (Ing. Agr. Esp. en Parasitología Agrícola) -- UACh. Departamento de Parasitología Agrícola aAlgodón x Plagas Entomología económica Algodón x Baja California Temperatura x Efecto en insectos aUACh. Departamento de Parasitología Agrícola